000 01340cam a2200313 a 4500
001 3615021
005 20250326183454.0
008 730820m19749999miu bd 000 0 eng
020 _a0802823386 (set)
020 _a9780802872814 (v. 16)
020 _a9780802823441 (v. 17)
041 1 _aeng
_hger
050 0 0 _aBS440
_b.B5713
082 0 0 _a221.3
100 1 _aBotterweck, G. Johannes.
245 1 0 _aTheological dictionary of the Old Testament /
_cedited by G. Johannes Botterweck and Helmer Ringgren ; translated by John T. Willis.
260 _aGrand Rapids, Mich. :
_bEerdmans,
_c1974-2021.
300 _a16 v. ;
_c25 cm.
500 _aTranslation of Theologisches Wörterbuch zum Alten Testament.
500 _aVols. 12-<13> edited by G. Johannes Botterweck, Helmer Ringgren and Heinz-Josef Fabry; volume 16 edited by Holger Gzella.
500 _aVols. 4-7, 9, 11, 13, 15 translated by David E. Green; v. 8, 10, 12, 14 translated by Douglas W. Stott; volume 16 translated by Mark E. Biddle.
500 _aIncludes rev. ed. of v. 1-2.
650 0 _aHebrew language
_vDictionaries
_xEnglish.
650 0 _aAramaic language
_vDictionaries
_xEnglish.
700 1 _aRinggren, Helmer,
_d1917-2012,
_ejoint author.
700 1 _aGzella, Holger,
_d1974-
_eeditor.
700 1 _aBiddle, Mark E.,
_etranslator.
942 _2lcc
_cBK
_n0
999 _c5229
_d5229